LEADER 01220nam--2200421---450- 001 990000717440203316 005 20050419101214.0 010 $a88-07-08063-X 035 $a0071744 035 $aUSA010071744 035 $a(ALEPH)000071744USA01 035 $a0071744 100 $a20011105d1988----km-y0itay0103----ba 101 $aita 102 $aIT 105 $a||||||||001yy 200 1 $aDisidentità$fGiampaolo lai 210 $aMilano$cFeltrinelli$d1988 215 $a188 p.$d23 cm 225 2 $aSaggi Feltrinelli 410 $12001$aSaggi Feltrinelli 461 1$1001-------$12001 606 0 $aIdentità 676 $a150.195 700 1$aLAI,$bGiampaolo$0125445 801 0$aIT$bsalbc$gISBD 912 $a990000717440203316 951 $aII.3. 392(III E COLL 141/12)$b94481 LM$cIII E COLL 951 $aII.3. 392a(III E COLL 141/12 BIS)$b103133 LM$cIII E COLL 959 $aBK 969 $aUMA 979 $aPATTY$b90$c20011105$lUSA01$h1447 979 $aPATTY$b90$c20011105$lUSA01$h1447 979 $c20020403$lUSA01$h1720 979 $aPATRY$b90$c20040406$lUSA01$h1649 979 $aCOPAT5$b90$c20050419$lUSA01$h1012 996 $aDisidentità$9962915 997 $aUNISA LEADER 02165nam0 22004693i 450 001 VAN00274280 005 20240806101539.302 017 70$2N$a9783658325749 100 $a20240403d2021 |0itac50 ba 101 $aeng 102 $aDE 105 $a|||| ||||| 200 1 $aFractions, Ratios, and Roots$eRediscover the Basics and Learn About Interesting Applications$fRenate Motzer 210 $aWiesbaden$cSpringer$d2021 215 $aviii, 59 p.$cill.$d24 cm 410 1$1001VAN00246748$12001 $aEssentials$1210 $aWiesbaden$cSpringer$d2013- 500 1$3VAN00274281$aBrüche, Verhältnisse und Wurzeln. Grundlagen wiederentdecken und interessante Anwendungen neu kennenlernen$94147343 606 $a97-XX$xMathematics education [MSC 2020]$3VANC023813$2MF 606 $a97Fxx$xEducation of arithmetic and number theory [MSC 2020]$3VANC033569$2MF 606 $a97K50$xProbability theory (educational aspects) [MSC 2020]$3VANC037129$2MF 610 $aAddition of fractions$9KW:K 610 $aAverage values$9KW:K 610 $aCalculation of probability$9KW:K 610 $aConditional probabilities$9KW:K 610 $aDecimal Numbers$9KW:K 610 $aFractions$9KW:K 610 $aIrrational numbers$9KW:K 610 $aPercentage calculations$9KW:K 610 $aRelationships$9KW:K 610 $aRoots$9KW:K 610 $aTesting of hypotheses$9KW:K 620 $aDE$dWiesbaden$3VANL000457 700 1$aMotzer$bRenate$3VANV226692$0879356 712 $aSpringer $3VANV108073$4650 801 $aIT$bSOL$c20241115$gRICA 856 4 $uhttps://doi.org/10.1007/978-3-658-32574-9$zE-book ? Accesso al full-text attraverso riconoscimento IP di Ateneo, proxy e/o Shibboleth 899 $aBIBLIOTECA DEL DIPARTIMENTO DI MATEMATICA E FISICA$1IT-CE0120$2VAN08 912 $fN 912 $aVAN00274280 950 $aBIBLIOTECA DEL DIPARTIMENTO DI MATEMATICA E FISICA$d08DLOAD e-book 8013 $e08eMF8013 20240410 996 $aBrüche, Verhältnisse und Wurzeln. Grundlagen wiederentdecken und interessante Anwendungen neu kennenlernen$94147343 997 $aUNICAMPANIA